| 000 | 01106nam a2200301 c 4500 | ||
|---|---|---|---|
| 003 | BLK | ||
| 005 | 20180420223856.0 | ||
| 008 | 180408b bul|||||r ||||||| ||bul|| | ||
| 010 | _aKNG00076302000 | ||
| 020 |
_a954-309-042-4 _bиздат.: Светулка-44 |
||
| 040 | _aBLK | ||
| 041 |
_aBUL _cBUL |
||
| 080 |
_aПортугалска литература _b821.134.3 _x-31 _z821.134.3-31 |
||
| 100 | 1 |
_aАгиар, Жуау _eпърви автор _929456 |
|
| 700 | 1 |
_aДренска, Маргарита _eпрев. от португ. _9285359 |
|
| 139 |
_aАгиар, Жуау _bА 23 |
||
| 245 | 1 | 0 |
_aЗелената катедрала _bРоман _cЖуау Агиар; прев. от португ. Маргарита Дренска. |
| 257 | _aPG | ||
| 260 |
_аСофия _bСветулка-44 _c2006 _fСофия : Вулкан |
||
| 300 |
_a355 с. _c20 см |
||
| 380 | _aX | ||
| 500 | _aОриг. загл. A catedral verde / Joao Aguiar | ||
| 852 | _aЦб 234820 | ||
| 856 | 4 |
_qpdf _u |
|
| 856 | 4 |
_qpdf _u |
|
| 942 |
_cKNG _n0 |
||
| 944 |
_aCR _c05.07.2007 _kГеновева_Генчева |
||
| 944 |
_aED _c31.07.2007 _k |
||
| 999 |
_c71929 _d71929 |
||